Zdravotné poistenie po novom

Zriadenie inštitúcie "Národná poisťovňa" zákonom NR SR č.7/93 Z.z. o zriadení Národnej poisťovne a o financovaní zdravotného poistenia, nemocenského poistenia a dôchodkového poistenia. Systém zdravotného poistenia. Zmluvy medzi poisťovňou a zdravotníckým poistením.

Saved in:
Bibliographic Details
Main Author: Jaška, Š.
Format: Book Chapter
Language:Slovak
Subjects:
Tags: Add Tag
No Tags, Be the first to tag this record!

MARC

LEADER 00000naa a2200000 4500
001 r015763
005 20221213123721.9
041 0 |a slo 
044 |a SK 
245 1 0 |a Zdravotné poistenie po novom  |c Š. Jaška 
520 |a Zriadenie inštitúcie "Národná poisťovňa" zákonom NR SR č.7/93 Z.z. o zriadení Národnej poisťovne a o financovaní zdravotného poistenia, nemocenského poistenia a dôchodkového poistenia. Systém zdravotného poistenia. Zmluvy medzi poisťovňou a zdravotníckým poistením. 
610 2 0 |a zdravotníctvo 
610 2 0 |a zdravie 
610 2 0 |a zákony 
610 2 0 |a poistenie nemocenské 
610 2 0 |a poistenie zdravotné 
100 1 |a Jaška, Š.